000 00689nam a2200229 i 4500
001 bg
100 1 _aSTACHAK, Stanisław
245 1 0 _aEkonomika przedsiębiorstw rolniczych /
_cStanisław Stachak ; Akademia Rolnicza w Szczecinie.
260 _aSzczecin :
_bWydaw. AR,
_c1996.
300 _a429, [1] s. :
_brys., wykr. ;
_c24 cm.
504 _aBibliogr. s. 426-429.
650 9 _aGospodarstwo rolne
_xekonomika
650 9 _aGospodarstwo rolne
_xorganizacja
655 _aPodręczniki akademickie
020 _a838652197X
040 _cBPK
041 0 _apl
080 _a631.1.003(075.8)
920 _a83-86521-97-X
942 _cKS
008 s pl f |000 0 pol
999 _c25028
_d25028
856 _uhttp://koha.tu.koszalin.pl/cgi-bin/koha/opac-detail.pl?biblionumber=25028
_yKatalog online BPK